Datum a čas kvízu
25
Celkem bodů
Celkový počet nahraných bodů na tomto kvízu bez doplňovacích otázek.
11.
Pořadí na kvízu
Konečné umístění týmu na tomto kvízu.
Zaznamenané odpovědi
| # | Otázka | Odpověď | Body | Výsledky |
|---|---|---|---|---|
| 1. | V minulém týdnu objevil na Pál... | C) houby | 1 | |
| 2. | Minulý týden jsme se dozvěděli... | Roland | 1 | |
| 3. | Ve čtvrtek vstoupil do českých... | Já, padouch / Despicable Me (4); Waze | 0.5 | |
| 4. | Na ostravském festivalu tanečn... | o dámské pisoáry | 0 | |
| 5. | Začátkem týdne byla představen... | Alpine Pro, Jan Černý | 0.5 | |
| 6. | Téma začneme českým filmem Ari... | Hynek Čermák, Tatiana Dyková | 1 | |
| 7. | Ve filmu V hlavě z roku 2015 j... | A) úzkost | 0 | |
| 8. | V březnu 2024 jsme se dočkali... | 1C 2B 3D 4A | 0 | |
| 9. | Premiéru má každý rok velké mn... | C | 0 | |
| 10. | V roce 2024 přišlo do kin rovn... | Frank Herbert, Spasitel Duny | 0 |